[Event "SVK-ch Blitz"]
[Site "Nitra"]
[Date "2022.10.29"]
[Round "1"]
[White "Druska, Pavol"]
[Black "Petran, Peter"]
[Result "0-1"]
[WhiteElo "1666"]
[BlackElo "2141"]
[PlyCount "82"]
[EventDate "2022.10.29"]
[EventType "swiss"]
[EventRounds "13"]
[EventCountry "SVK"]
[SourceTitle "EXT 2024"]
[Source "ChessBase"]
[SourceDate "2023.10.10"]
[SourceVersion "1"]
[SourceVersionDate "2023.10.10"]
[SourceQuality "1"]

1. e4 g6 2. d4 Bg7 3. Nf3 d6 4. d5 Nf6 5. Bb5+ c6 6. dxc6 bxc6 7. Bd3 Bg4 8. h3 Bxf3 9. Qxf3 Nbd7 10. Nc3 0-0 11. 0-0 Rb8 12. Rb1 Qc7 13. Re1 a5 14. Bg5 Rb4 15. a3 Rb7 16. Qe2 Rfb8 17. Bc1 Ne8 18. Na4 c5 19. b3 Ne5 20. Bb2 Qc6 21. Nc3 Nc7 22. f4 Nxd3 23. Qxd3 e6 24. Qf3 Rd8 25. Rbd1 c4 26. e5 Qxf3 27. gxf3 d5 28. Na4 cxb3 29. cxb3 Rxb3 30. Rd2 Rxf3 31. Kg2 Rb3 32. Rc2 Na6 33. Ree2 Rdb8 34. Nc5 Nxc5 35. Rxc5 Rxb2 36. Rxb2 Rxb2+ 37. Kf3 Bf8 38. Rc8 Rb3+ 39. Kg4 h5+ 40. Kg5 Kg7 41. Kh4 Be7# 0-1